Numeralia

Saved in:
Bibliographic Details
Main Author: Luján, Jorge (autor)
Format: Book
Language:Spanish
Published: Ciudad de México Fondo de Cultura Económica 2007
Edition:1a. ed
Series:A la Orilla del Viento
Subjects:
Tags: Add Tag
No Tags, Be the first to tag this record!

MARC

LEADER 00000nam a2200000 a 4500
001 UCG4921
003 CL-VaPUC
005 20250402150300.0
008 101216e20070000MX |||||||||||||||||spa|d
999 |c 343521  |d 343519 
020 |a 9789681683238 
040 |c Pontificia Universidad Católica de Valparaíso 
082 0 4 |a 808.0681  |b LUJ  |2 21 
100 |a Luján, Jorge  |e autor  |9 554419 
245 1 0 |a Numeralia 
250 |a 1a. ed 
260 |a Ciudad de México  |b Fondo de Cultura Económica  |c 2007 
300 |a 26 p 
490 0 |a A la Orilla del Viento 
500 |a Ilustrado por: Isol 
583 |a last modification  |c 20101216 00:00:00  |k Rodrigo Vera 
650 0 |a Literatura infantil   |9 307465  |x Poemas infantiles 
942 |c BK  |2 ddc 
945 |d 20101216 00:00:00  |a cmena 
952 |0 0  |1 0  |4 0  |6 808_068100000000000_LUJ_2007  |7 0  |8 A  |9 440861  |a BIBEDU  |b BIBEDU  |d 2019-11-22  |i 4743431  |l 2  |o 808.0681 LUJ 2007  |p 4743431  |r 2024-11-28  |s 2024-11-28  |w 2019-11-22  |y BK  |k EPE